PRINCIPLES AND PRACTICE OF THERAPEUTICS MASSAGE (Record no. 8762)

MARC details
000 -LEADER
fixed length control field 00471nam a22001817a 4500
005 - DATE AND TIME OF LATEST TRANSACTION
control field 20250415130320.0
008 - FIXED-LENGTH DATA ELEMENTS--GENERAL INFORMATION
fixed length control field 250414b |||||||| |||| 00| 0 eng d
020 ## - INTERNATIONAL STANDARD BOOK NUMBER
ISBN 978-93-89776-89-8
041 ## - LANGUAGE CODE
Language code of text/sound track or separate title eng
082 ## - DEWEY DECIMAL CLASSIFICATION NUMBER
Classification number 615.82 SIN -P
100 ## - MAIN ENTRY--AUTHOR NAME
Personal name SINHA, AKHOURY GAURANG
245 ## - TITLE STATEMENT
Title PRINCIPLES AND PRACTICE OF THERAPEUTICS MASSAGE
250 ## - EDITION STATEMENT
Edition statement 3RD ED. 2021
260 ## - PUBLICATION, DISTRIBUTION, ETC. (IMPRINT)
Place of publication NEW DELHI
Name of publisher JAYPEE BROTHERS
Year of publication 2021
300 ## - PHYSICAL DESCRIPTION
Number of Pages 130;P
650 ## - SUBJECT ADDED ENTRY--TOPICAL TERM
Topical Term BPT
942 ## - ADDED ENTRY ELEMENTS (KOHA)
Koha item type Books
Holdings
Lost status Damaged status Collection code Home library Current library Shelving location Date acquired Source of acquisition Cost, normal purchase price Full call number Accession Number Koha item type
    Reference JRU Library JRU Library SHELF-8-A 14/04/2025 PURCHASE 650.00 615.82 28743 Books
    PHYSIOTHERAPY JRU Library JRU Library SHELF-20-C 14/04/2025 PURCHASE 650.00 615.82 28744 Books
    PHYSIOTHERAPY JRU Library JRU Library SHELF-20-C 14/04/2025 PURCHASE 650.00 615.82 28745 Books